Japan

Gespeichert in:
Bibliographische Detailangaben
Körperschaft: Deutsche Bank
Format: Buch
Sprache:Undetermined
Veröffentlicht: Frankfurt 1971
Schlagworte:
Tags: Tag hinzufügen
Keine Tags, Fügen Sie den ersten Tag hinzu!
Thư viện lưu trữ: Trung tâm Học liệu Trường Đại học Cần Thơ
LEADER 00416nam a2200169Ia 4500
001 CTU_86368
008 210402s9999 xx 000 0 und d
082 |a 330.952 
082 |b D486 
110 |a Deutsche Bank 
245 0 |a Japan 
245 0 |c Deutsche Bank 
260 |a Frankfurt 
260 |c 1971 
650 |a Economic conditions 
904 |i Năm 
980 |a Trung tâm Học liệu Trường Đại học Cần Thơ